Stavebně technické průzkumy pevností z 30. let 20. století a technická řešení jejich obnovy /

Hlavní autor: Pazderka, Jiří, 1979-
Korporativní autor: České vysoké učení technické v Praze. Stavební fakulta
Další autoři: Reiterman, Pavel, 1983-, Ženíšek, Michal
Jazyk: Čeština
Vydáno: Praha : České vysoké učení technické v Praze, 2022
Vydání: První vydání
Témata:
Fyzický popis: 211 stran : ilustrace (převážně barevné), plány ; 25 cm
Language note: Anglické resumé
Knihy
Uloženo v:
LEADER 02979nam a2200757 i 4500
001 nkc20223478505
003 CZ PrNK
005 20230213102117.0
007 ta
008 221219s2022 xr ae e 000 0 cze
015 |a cnb003478505 
020 |a 978-80-01-07070-3  |q (brožováno) 
035 |a (OCoLC)1372328387 
040 |a BOA001  |b cze  |e rda 
041 0 |a cze  |b eng 
043 |a e-cs--- 
045 |a x3x3 
072 7 |a 623  |x Vojenská technika  |2 Konspekt  |9 19 
080 |a 623.1(437)"1935/1938"  |2 MRF 
080 |a 623.12  |2 MRF 
080 |a 725.182  |2 MRF 
080 |a 623.1:69  |2 MRF 
080 |a 69.058  |2 MRF 
080 |a 624.012.45  |2 MRF 
080 |a 69.059.22  |2 MRF 
080 |a 69.059.3  |2 MRF 
080 |a (437)  |2 MRF 
080 |a (048.8:082)  |2 MRF 
100 1 |a Pazderka, Jiří,  |d 1979-  |7 ctu2013774258  |4 aut 
245 1 0 |a Stavebně technické průzkumy pevností z 30. let 20. století a technická řešení jejich obnovy /  |c Jiří Pazderka, Pavel Reiterman, Michal Ženíšek a kolektiv 
250 |a První vydání 
264 1 |a Praha :  |b České vysoké učení technické v Praze,  |c 2022 
300 |a 211 stran :  |b ilustrace (převážně barevné), plány ;  |c 25 cm 
336 |a text  |b txt  |2 rdacontent 
336 |a statický obraz  |b sti  |2 rdacontent 
337 |a bez média  |b n  |2 rdamedia 
338 |a svazek  |b nc  |2 rdacarrier 
500 |a Na obálce pod názvem: ČVUT v Praze, Fakulta stavební 
500 |a 150 výtisků 
504 |a Obsahuje bibliografii 
546 |a Anglické resumé 
648 7 |a 1935-1938  |7 ch969054  |2 czenas 
650 0 7 |a opevnění Československa (1935-1938)  |7 ph500508  |2 czenas 
650 0 7 |a pevnosti  |7 ph124065  |z Československo  |y 1935-1938  |2 czenas 
650 0 7 |a pevnostní stavitelství  |7 ph311229  |z Československo  |y 1935-1938  |2 czenas 
650 0 7 |a stavebně-technický průzkum  |7 ph137942  |2 czenas 
650 0 7 |a železobetonové konstrukce  |7 ph127957  |2 czenas 
650 0 7 |a poruchy stavebních konstrukcí  |7 ph250786  |2 czenas 
650 0 7 |a rekonstrukce staveb  |7 ph223709  |2 czenas 
650 0 9 |a Czechoslovak fortification (1935-1938)  |2 eczenas 
650 0 9 |a fortresses  |z Czechoslovakia  |y 1935-1938  |2 eczenas 
650 0 9 |a fortification engineering  |z Czechoslovakia  |y 1935-1938  |2 eczenas 
650 0 9 |a building research  |2 eczenas 
650 0 9 |a reinforced concrete construction  |2 eczenas 
650 0 9 |a construction failures  |2 eczenas 
650 0 9 |a reconstruction of buildings  |2 eczenas 
655 7 |a kolektivní monografie  |7 fd501537  |2 czenas 
655 9 |a collective monographs  |2 eczenas 
700 1 |a Reiterman, Pavel,  |d 1983-  |7 xx0128295  |4 aut 
700 1 |a Ženíšek, Michal  |7 mzk2017957315  |4 aut 
710 2 |a České vysoké učení technické v Praze.  |b Stavební fakulta  |7 kn20010710181  |4 isb 
910 2 |a BOA001  |b 2-1499.952 
990 |a BK 
995 |a 01 
991 |b 202301  |c NOV 
996 6 |b 2610927077  |c 2-1499.952  |l MZK  |r Sklad / do 1 hodiny  |n 0  |p p.v.  |w 001909116  |u 000010  |a 1  |e BOA001  |j MZK50  |s P